000 00757nam a2200217 ar4500
001 3529
005 20221127090751.0
008 130925s xxk 0001f|eng d
020 _a9780099542322(pbk)
082 0 4 _a839.693
_bIn2 2008
100 1 _aIndridason, Arnaldur.
245 1 0 _aArctic chill /
_cArnaldur Indridason ; translated from Icelandic by Bernard Scudder and Victoria Cribb.
260 _aLondon :
_bVintage,
_c2008.
300 _a344 p. ;
_c20 cm.
650 4 _aIcelandic fiction
_xTranslations into English.
650 4 _aIcelandic literature
_y20th century.
650 4 _aDetective and mystery stories.
651 4 _aIceland
_xRace relations
_vFiction.
700 0 _aScudder, Bernard,
_etranslator.
700 0 _acribb, Victoria,
_etranslator.
999 _c3527
_d3527